MotoGP World Champions - Statistiken

Allgemein
  • Dieses Quiz wurde 68 mal gespielt
  • Das Durchschnittsergebnis liegt bei 16 aus 77
Antwortstatistiken
Hint Antwort % Korrekt
2025 Marc Marquez
98%
2024 Jorge Martin
63%
2019 Marc Marquez
56%
2018 Marc Marquez
56%
2017 Marc Marquez
56%
2016 Marc Marquez
56%
2023 Francesco Bagnaia
54%
2022 Francesco Bagnaia
51%
2014 Marc Marquez
49%
2013 Marc Marquez
49%
2021 Fabio Quartararo
46%
2015 Jorge Lorenzo
46%
2020 Joan Mir
44%
2011 Casey Stoner
41%
2012 Jorge Lorenzo
41%
2009 Valentino Rossi
41%
2008 Valentino Rossi
39%
2005 Valentino Rossi
37%
2004 Valentino Rossi
37%
2003 Valentino Rossi
37%
2002 Valentino Rossi
37%
2007 Casey Stoner
34%
2001 Valentino Rossi
34%
2010 Jorge Lorenzo
29%
1999 Àlex Crivillé
22%
1998 Mick Doohan
22%
1997 Mick Doohan
22%
1996 Mick Doohan
22%
1995 Mick Doohan
20%
1994 Mick Doohan
20%
2006 Nicky Hayden
20%
1993 Kevin Schwantz
15%
2000 Kenny Roberts Jr
12%
1992 Wayne Rainey
10%
1991 Wayne Rainey
10%
1990 Wayne Rainey
10%
1989 Eddie Lawson
7%
1988 Eddie Lawson
7%
1986 Eddie Lawson
7%
1984 Eddie Lawson
7%
1982 Franco Uncini
7%
1985 Freddie Spencer
7%
1983 Freddie Spencer
7%
1987 Wayne Gardner
7%
1977 Barry Sheene
5%
1976 Barry Sheene
5%
1961 Gary Hocking
5%
1955 Geoff Duke
5%
1954 Geoff Duke
5%
1953 Geoff Duke
5%
1951 Geoff Duke
5%
1975 Giacomo Agostini
5%
1972 Giacomo Agostini
5%
1971 Giacomo Agostini
5%
1970 Giacomo Agostini
5%
1969 Giacomo Agostini
5%
1968 Giacomo Agostini
5%
1967 Giacomo Agostini
5%
1966 Giacomo Agostini
5%
1960 John Surtees
5%
1959 John Surtees
5%
1958 John Surtees
5%
1956 John Surtees
5%
1980 Kenny Roberts
5%
1979 Kenny Roberts
5%
1978 Kenny Roberts
5%
1949 Leslie Graham
5%
1957 Libero Liberati
5%
1981 Marco Lucchinelli
5%
1965 Mike Hailwood
5%
1964 Mike Hailwood
5%
1963 Mike Hailwood
5%
1962 Mike Hailwood
5%
1974 Phil Read
5%
1973 Phil Read
5%
1952 Umberto Masetti
5%
1950 Umberto Masetti
5%
Keine übereinstimmenden Quizze gefunden
Verteilung der Resultate
Anzahl Personen mit jedem Resultat
Perzentil nach korrekt beantworteten Fragen
Ihre Resultats-Entwicklung
Sie haben dieses Quiz noch nicht gespielt